| 000 | 00658nam a2200145 a 4500 | ||
|---|---|---|---|
| 008 | 120416s1975 ||||||||||||||||| || u | ||
| 050 | _aHF 5549.5.T7 Eva | ||
| 100 | _aKirkpatrick, Donald L | ||
| 245 | 1 | 0 |
_aEvaluating training programs _ccompiled by Donald L. Kirkpatrick |
| 246 | _aa collection of articles from the Journal of the American Society for Training and Development | ||
| 260 |
_aMadison, [Wis.] _bAmerican Society for Training _c1975 |
||
| 300 | _avi, 313p. : ill. | ||
| 350 | _a0.00 | ||
| 995 |
_D0.00 _FCBU-MAIN LIBRARY (Kitwe) _H1 _I25.00 _UAVAILABLE _ZMain Library Open Access Collection |
||
| 999 |
_c42638 _d42638 |
||